000
002540000a22000970004500
100
1
_a
Stoebe, Hans Joachim
245
1
0
_a
Noch einmal zu Amos 7:10-17
300
_a
Vol. 39, Num. 3 (Julio, 1989), Páginas 341-354
773
0
_t
Vetus Testamentum
942
_c
ANA
999
_c
57525
_d
57525